|
|
|
|
| LEADER |
00000nam a22000007a 4500 |
| 005 |
20220214233837.0 |
| 007 |
cr|||| |||| |
| 008 |
220214s2019 co |||||s|||| 00||0 spa d |
| 020 |
|
|
|a 978-958-771-754-9
|
| 035 |
|
|
|a 35811
|
| 040 |
|
|
|a vLex
|
| 090 |
|
|
|c 12998
|d 12998
|
| 100 |
1 |
|
|a Palacios Acero, Luis Carlos
|
| 245 |
1 |
0 |
|a Administracin̤ de la produccin̤
|h [Recurso electrn̤ico] :
|b Toma de decisiones estratǧicas y tc̀ticas /
|c Luis Carlos Palacios Acero
|
| 256 |
|
|
|a Servicio en ln̕ea
|
| 260 |
|
|
|a Bogot:̀
|b ECOE,
|c 2019
|
| 300 |
|
|
|a 1 recurso electrn̤ico
|
| 500 |
|
|
|a Los sistemas de produccin̤ agrupan un conjunto de ciencias, tčnicas y doctrinas fundamentales para el funcionamiento de las empresas, convierten a los insumos en productos o servicios que satisfacen a clientes, trabajadores, empresarios y fortalecen a los pas̕es. Por lo cual, su adecuada administracin̤ es t︢il para la toma de decisiones estratǧicas y tc̀ticas al interior de una organizacin̤. La obra expone la historia de la administracin̤ de la produccin̤, contina︢ con el diseǫ y desarrollo de productos; brinda herramientas para realizar prons̤ticos de la demanda, a fin de examinar la programacin̤ de la produccin̤ y las compras empresariales; resalta la importancia de la seguridad industrial y el control de calidad. Dirigido a estudiantes, profesores y profesionales de administracin̤ y afines, as ̕como a gerentes, consultores y empresarios.
|
| 506 |
1 |
|
|a Disponible solo en los productos indicados
|d vLex Global
|d vLex Global (Academic Edition, excluding Law Schools)
|d vLex Global (U.S. Academic Edition, Law Schools)
|d vLex Global (U.S. Academic Edition, excluding Law Schools)
|d vLex Global (Academic Edition, Law Schools)
|
| 650 |
0 |
4 |
|a Administracin̤ (Management)
|z Colombia
|
| 740 |
0 |
|
|a vLex Libros (Servicio en ln̕ea)
|
| 856 |
4 |
0 |
|u https://app.vlex.com/#/sources/35811
|z Acceso restringido
|
| 942 |
|
|
|c BOOK
|
| 999 |
0 |
|
|a Management
|